Ethnicities of the greatest empires - Statistics

General Stats
  • This quiz has been taken 24 times
  • The average score is 12 of 20
Answer Stats
Continent of origin Ethnicity % Correct
Asia Chinese
96%
Europe English
91%
Europe French
87%
Europe German
87%
Asia Japanese
87%
Europe Spanish
87%
Asia Mongol
83%
Europe Russian
83%
Europe Portuguese
78%
Asia Arab
74%
Asia Turk
74%
Europe Italian
70%
Asia Persian
70%
Europe Roman
65%
Europe Danish
35%
Europe Macedonian
35%
Asia Tibetan
17%
Asia Turkic
13%
Asia Kurd
4%
Asia Mede
0%
No matching quizzes found
Score Distribution
Percent of People with Each Score
Percentile by Number Answered
Your Score History
You have not taken this quiz